000 00552cam a22001577a 4500
008 180718b2001 xxu||||| |||| 00| 0 eng d
082 _aA81x54 01/21/PAP2/01
100 _aCensus of India 2001
245 _aJharkhand: provisional population totals
260 _aDelhi
_bThe Controller of Publications
_c2001
300 _a135+p.
440 _aCensus of India 2001. Series-21, Jharkhand. Paper-2 of 2001
500 _aContents: Rural-urban distribution of population
650 _aRural population - India - Jharkhand
650 _aJharkhand - Census
999 _c491972
_d491972